000 00541nam a2200205 i 4500
001 24665
003 ES-MaACL
005 20230906153108.0
007 t|
008 021218s1986 sp ||||1| spa d
020 _a84-344-8357-2
245 0 0 _aAntología de la literatura italiana /
_cIsabel González.
250 _a1ª ed.
260 _aBarcelona :
_bAriel,
_c1986.
300 _a450 p. ;
_c22 cm.
500 _aIndice.
504 _aBibliografía.
700 1 _aGonzález, Isabel.
_958321
852 _aES-MaACL
_jL-10630
_bR.111771
999 _c24665
_d24665